Symmetry Puzzle - Sudden Death - Statistics

General Stats
  • This quiz has been taken 58 times
  • The average score is 15 of 32
Answers on the Grid
Answers color-coded by a green-red scale on the quiz's grid according to % correct below.
⚫
🟠
πŸ”΄
🟑
πŸ”΅
πŸ”΄
🟑
πŸ”΅
🟠
🟣
🟠
πŸ”΄
🟑
πŸ”΅
🟣
πŸ”΅
🟠
🟣
🟑
πŸ”΄
🟑
🟣
πŸ”΅
πŸ”΄
🟠
🟑
🟠
🟣
πŸ”΄
🟑
πŸ”΄
πŸ”΅
🟣
🟠
🟑
🟠
🟑
πŸ”΄
🟣
⚫
πŸ”΅
🟑
🟠
🟣
πŸ”΄
🟑
πŸ”΅
🟠
🟣
πŸ”΄
🟣
🟠
🟑
πŸ”΄
πŸ”΅
🟣
🟠
⚫
🟑
🟠
🟑
🟣
πŸ”΄
🟠
🟑
🟣
🟠
πŸ”΄
🟑
🟣
🟠
🟑
πŸ”΄
🟣
πŸ”΅
πŸ”΄
🟠
🟑
🟣
🟑
πŸ”΄
🟑
🟠
πŸ”΅
🟣
🟑
🟣
🟠
🟑
πŸ”΄
🟣
🟠
🟑
🟣
πŸ”΄
🟑
🟠
πŸ”΄
πŸ”΅
🟑
 
Answer Stats
Answer % Correct
🟠
64%
🟑
56%
🟑
53%
🟑
50%
🟠
50%
🟣
50%
🟠
50%
🟠
50%
🟣
50%
🟑
50%
πŸ”΄
50%
πŸ”΅
47%
🟑
47%
🟑
47%
🟑
47%
🟠
44%
🟑
44%
🟠
44%
πŸ”΅
44%
πŸ”΄
42%
🟑
42%
🟠
42%
🟑
42%
🟠
42%
🟠
42%
🟠
42%
🟠
39%
🟠
39%
πŸ”΄
39%
πŸ”΄
39%
πŸ”΄
36%
πŸ”΄
33%
No matching quizzes found
Score Distribution
Percent of People with Each Score
Percentile by Number Answered
Your Score History
You have not taken this quiz